[Event "47th GER-ch Blitz 2020"]
[Site "Magdeburg"]
[Date "2020.08.15"]
[Round "10.9"]
[White "Bluebaum, Matthias"]
[Black "Frischmann, Rick"]
[Result "1-0"]
[WhiteElo "2647"]
[BlackElo "2347"]
[Annotator "TA"]
[PlyCount "37"]
[EventDate "2020.07.28"]
[EventType "tourn"]
[EventCountry "GER"]
[SourceTitle "playchess.com"]
[Source "ChessBase"]
[SourceQuality "1"]

{[%evp 14,37,39,32,51,53,55,43,53,45,136,147,176,125,289,279,322,322,562,554,511,389,481,320,618,606]} 1. d4 d5 2. c4 Nc6 3. Nc3 Nf6 4. Nf3 dxc4 5. e4 Bg4 6. Be3 e6 7. Bxc4 Bb4 8. Qd3 Bxf3 {D07: Queen's Gambit: Chigorin Defence.} 9. gxf3 Na5 10. Rg1 {[#]} g6 $146 {White is slightly better.} ({Predecessor:} 10... O-O 11. O-O-O Kh8 12. e5 Nh5 13. Ne4 Nxc4 14. Qxc4 Be7 15. d5 Qc8 16. dxe6 fxe6 {1-0 (54) Panitevsky,I (2516)-Azevedo,J (2299) ICCF email 2018}) 11. a3 Be7 {[#]} ({Black should play} 11... Bxc3+ $14 12. bxc3 Nd7) 12. Ba2 $1 $16 O-O 13. O-O-O (13. e5 $18) 13... a6 $2 (13... c5 $16 {was called for.}) 14. d5 $18 exd5 15. e5 ({Not} 15. exd5 b5 $16) ({Less strong is} 15. Nxd5 Nxd5 16. Bxd5 (16. Qxd5 Qxd5 17. Bxd5 Rad8 $16) 16... c6 $16) 15... Nh5 $2 (15... c6 16. exf6 Bxf6) 16. Nxd5 Nc6 17. f4 Ng7 {Black hopes to continue with ...Qc8.} 18. Qc2 Qc8 $2 {[#]} (18... Kh8 19. Nb6 cxb6) 19. Qxc6 $1 {[%mdl 512] Black did not feel at home in the position after the opening. Accuracy: White = 79%, Black = 22%.} 1-0

[Event "47th GER-ch Blitz 2020"]
[Site "Magdeburg"]
[Date "2020.08.15"]
[Round "10.10"]
[White "Weller, Manuel"]
[Black "Dobrikov, Marco"]
[Result "1-0"]
[WhiteElo "2237"]
[BlackElo "2290"]
[Annotator "TA"]
[PlyCount "65"]
[EventDate "2020.07.28"]
[EventType "tourn"]
[EventCountry "GER"]
[SourceTitle "playchess.com"]
[Source "ChessBase"]
[SourceQuality "1"]

{[%evp 18,65,0,0,0,0,15,-52,5,-46,0,-43,0,0,0,0,0,0,50,53,70,35,93,125,230,103,134,40,128,107,427,444,432,430,503,124,2309,2004,29989,29990,29996,29997,29997,29990,29992,29993,29993,29993,29998,29994]} 1. c4 e5 2. g3 d6 3. Bg2 f5 4. Nc3 Nf6 5. e3 g6 6. Nge2 Bg7 7. O-O O-O 8. Rb1 c6 9. b4 Be6 10. d3 d5 {A10: English Opening: Unusual Replies for Black.} 11. cxd5 Nxd5 12. Ba3 {[#]} (12. b5 $11) 12... b5 $146 (12... Nxc3 $15 13. Nxc3 e4) ({Predecessor:} 12... Re8 13. b5 Nxc3 14. Nxc3 e4 15. d4 Qd7 16. Re1 a6 17. bxc6 Nxc6 18. Na4 Qf7 {1-0 (29) Bucinskas,L (1835)-Zalimaite,I (1789) Plateliai 2015}) 13. Rc1 ({Better is} 13. Nxd5 $11 Bxd5 14. Qc2) 13... Re8 14. Qd2 a5 15. Nxd5 Bxd5 16. Bxd5+ Qxd5 17. bxa5 Rd8 18. Rfd1 Na6 19. d4 (19. e4 $5 {[%cal Re4d5]} Qe6 20. exf5 gxf5 21. Bb2 $14) 19... exd4 (19... f4 $14) 20. exd4 $16 Rac8 {[#]} (20... Qd7 $16 {is a better defense.} 21. Nf4 Nc7) 21. Qc2 (21. Nf4 $1 $18 {[%cal Rf4d5] is the precise move to win.} Qxd4 22. Qe2) 21... b4 22. Bb2 (22. Nf4 $16 Qf7 23. Bb2) 22... Qxa5 ({Black should try} 22... Qxa2 $14 23. Nf4 Rd6) 23. Nf4 Re8 $2 {[%mdl 8192]} (23... Nc7 $16 {is a better chance.}) 24. Qb3+ $18 Kh8 25. h4 Qb5 26. Ne6 $2 {[#]} (26. h5 $18 {is more deadly.}) 26... Bf6 $2 {[%mdl 8192]} (26... Qd5 $16 27. Nxg7 Kxg7) 27. d5 Rxe6 28. dxe6 {White mates.} Bxb2 29. Qxb2+ Kg8 30. Qf6 Nc5 31. Qf7+ Kh8 32. e7 Qe2 33. Re1 {Accuracy: White = 58%, Black = 31%.} 1-0

[Event "47th GER-ch Blitz 2020"]
[Site "Magdeburg"]
[Date "2020.08.15"]
[Round "10.11"]
[White "Voege, Tobias"]
[Black "Zelbel, Patrick"]
[Result "0-1"]
[WhiteElo "2326"]
[BlackElo "2448"]
[Annotator "TA"]
[PlyCount "182"]
[EventDate "2020.07.28"]
[EventType "tourn"]
[EventCountry "GER"]
[SourceTitle "playchess.com"]
[Source "ChessBase"]
[SourceQuality "1"]

{[%evp 23,181,-6,0,0,-19,-54,-57,-50,-55,-52,-47,-69,-66,-69,-40,-97,-104,-99,-82,-119,-100,-114,-110,-91,-35,-32,-33,-33,-33,-29,-33,-28,-14,-38,-9,-41,-48,-171,-145,-132,-145,-145,-153,-151,-158,-159,-160,-149,-159,-223,-226,-318,-318,-318,-252,-312,-302,-404,-227,-234,-227,-242,-234,-234,-220,-220,-213,-215,-213,-441,-205,-221,-223,-235,-221,-235,-235,-235,-197,-226,-217,-210,-210,-346,-337,-346,-342,-387,-369,-381,-373,-512,-331,-302,-287,-564,-526,-513,-331,-324,0,-463,-289,-413,-389,-480,-464,-580,-364,-477,-475,-444,-386,-575,-568,-543,-385,-416,-341,-379,-372,-539,-539,-500,-476,-615,-619,-570,-479,-592,-566,-29975,-29976,-29979,-29976,-29981,-29982,-29983,-29975,-29981,-29979,-29978,-29978,-29977,-29962,-29983,-29982,-29985,-29986,-29986,-29987,-29988,-29986,-29988,-29987,-29989,-29990,-29998,-29999,-29999]} 1. d4 Nf6 2. c4 e6 3. Nc3 Bb4 4. Nf3 b6 5. Bg5 Bb7 6. e3 h6 7. Bh4 g5 8. Bg3 Ne4 9. Qc2 Bxc3+ 10. bxc3 d6 11. Bd3 f5 12. d5 Nd7 {[%cal Bb8d7,Bd7c5,Bc5d3][%mdl 32]} 13. Nd4 {E13: Queen's Indian/Nimzo-Indian hybrid: 4 Nc3 Bb7 5 Bg5 h6 6 Bh4 Bb4.} Ndc5 14. dxe6 {aiming for f3.} Qf6 15. f3 {Black is slightly better.} Nxd3+ 16. Qxd3 f4 $1 {Hoping for ...Nc5.} 17. Bf2 Nc5 {[#]} 18. Qe2 $146 ({Predecessor:} 18. Qc2 fxe3 19. Bxe3 O-O-O 20. O-O-O Nxe6 21. h4 Rde8 22. Kb2 Nc5 23. hxg5 hxg5 24. Rxh8 Qxh8 {½-½ (30) Voege,T (2301)-Guelsen,T (2187) Hilversum 2018}) 18... fxe3 19. Bxe3 (19. Qxe3 $15 Ba6 20. Qe2) 19... O-O-O $17 20. O-O Nxe6 21. Qf2 Rhg8 22. a4 Nc5 23. a5 g4 ({Black should try} 23... Qf7 $17) 24. fxg4 $15 Qxf2+ 25. Rxf2 Rxg4 26. axb6 axb6 27. Bxh6 Ne4 28. Rc2 Nxc3 29. Nb5 Ne4 30. g3 (30. Rf1 $15) 30... Rh8 31. Bf4 {[#]} Nxg3 $1 {[%mdl 512]} 32. Bxg3 Rxg3+ 33. hxg3 Rh1+ 34. Kf2 Rh2+ 35. Ke3 Rxc2 $17 {[%mdl 4096] Endgame KRB-KRN} 36. Kd3 (36. Rf1 $17) 36... Rg2 $19 37. Nd4 (37. Rf1 $142 Rxg3+ 38. Kd2) 37... Rxg3+ 38. Kd2 Rg2+ 39. Ke3 Rg4 40. Rf1 Re4+ (40... Ba6 $142 41. Rc1 Kd7) 41. Kd3 Re7 42. Rf8+ Kd7 43. Nb5 Bc6 44. Nc3 Rg7 45. Rf4 Rg3+ 46. Kd4 $2 (46. Kc2 {might work better.}) 46... Rf3 (46... Bg2 $142 {[%csl Gb6,Gd6][%cal Rc7c5]} 47. Rf7+ Kd8) 47. Rh4 Rf7 48. Rg4 Bf3 49. Rh4 Rg7 50. Ke3 Bc6 51. Ne2 Re7+ 52. Kd3 b5 {And now ...bxc4+ would win.} 53. Nd4 (53. Nc3 $142) 53... bxc4+ 54. Kxc4 Bg2 55. Rg4 Bf1+ 56. Kc3 c5 57. Nf5 Rf7 58. Ne3 Bb5 59. Rg6 $2 (59. Rg5) 59... Rf3 60. Kd2 Rf2+ 61. Kc3 Rf3 (61... Kc6 $142 62. Rh6 Rf4) 62. Kd2 Kc6 63. Ng4 (63. Rg8 {is a better defense.}) 63... Rd3+ 64. Ke1 {intending Ne5+.} Rd4 65. Kf2 Bd3 66. Rg8 Bf5 67. Ne3 Be6 68. Re8 (68. Rg6 $142 Bd5 69. Ke2) 68... Bd7 69. Ra8 Rf4+ 70. Ke1 {If White can now play Ra6+ this consolidates a bit.} Rb4 71. Kd2 Be6 72. Ra6+ (72. Nc2 $142 Rh4 73. Ra6+ Kd5 74. Ke3) 72... Rb6 73. Ra8 Rb2+ 74. Kc3 Rb3+ 75. Kd2 d5 76. Ra6+ Rb6 77. Rxb6+ Kxb6 {KB-KN. Black mates.} 78. Nd1 Kb5 79. Nb2 Bf5 80. Nd1 Bh7 81. Ne3 Be4 82. Ng4 Kc4 83. Ne5+ Kb3 84. Kc1 Kc3 85. Ng4 d4 86. Nh2 Bg2 87. Ng4 c4 88. Ne5 Be4 89. Ng4 d3 90. Nf2 d2+ 91. Kd1 Bf3# {Accuracy: White = 48%, Black = 73%.} 0-1

[Event "47th GER-ch Blitz 2020"]
[Site "Magdeburg"]
[Date "2020.08.15"]
[Round "10.12"]
[White "Holtel, Jasper"]
[Black "Wichmann, Cliff"]
[Result "1-0"]
[WhiteElo "2305"]
[BlackElo "2305"]
[Annotator "TA"]
[PlyCount "51"]
[EventDate "2020.07.28"]
[EventType "tourn"]
[EventCountry "GER"]
[SourceTitle "playchess.com"]
[Source "ChessBase"]
[SourceQuality "1"]

{[%evp 13,51,4,3,17,23,3,33,14,44,59,60,55,69,58,61,37,60,35,37,35,74,28,41,22,157,170,162,147,235,235,239,255,362,98,291,106,300,283,352,365]} 1. e4 e6 2. d4 d5 3. exd5 exd5 4. Nf3 Bd6 5. c4 Nf6 6. Nc3 O-O 7. cxd5 Nbd7 8. Bg5 {C01: French: Exchange Variation.} h6 9. Bh4 a6 10. a4 {[#] White is slightly better.} Bb4 $146 ({Predecessor:} 10... Nb6 11. Be2 g5 12. Bg3 Nbxd5 13. Nxd5 Nxd5 14. Ne5 Qf6 15. O-O Qg7 16. Nc4 Bxg3 17. hxg3 {1-0 (34) Trajkoski,S (2260)-Popov,V (2310) Struga 1993}) 11. Be2 Nb6 12. O-O Bxc3 13. bxc3 Nbxd5 14. Qc2 Bg4 15. h3 Bh5 $1 16. Rfe1 Re8 17. Ne5 {Black must now prevent Bxh5.} Bxe2 18. Rxe2 g5 (18... c5 $11) 19. Bg3 $16 Nh5 20. Rae1 $36 {[%mdl 2048] Hoping for Nxf7! White has strong initiative.} Nhf4 (20... Kg7 $16 21. Nxf7 {[%mdl 64] Discovered Attack} Rxe2 22. Qxe2 (22. Rxe2 Kxf7 23. Qh7+ Ng7 $11) 22... Nxg3) 21. Bxf4 $1 $18 Nxf4 22. Re4 Re6 {[#]} (22... Rf8 $142 23. g3 f5) 23. Kh2 $2 (23. Nxf7 $1 $18 {[%mdl 512] has better winning chances.} Qf6 (23... Kxf7 24. Rxf4+) 24. Rxe6 Nxe6 25. Ne5) 23... Qf6 $2 {[#]} (23... Qd6 $16 {was worth a try.}) 24. Ng4 $2 (24. g3 $1 $18 {and the rest is easy.}) 24... Qg7 $2 (24... Qg6 $16) 25. g3 Rxe4 26. Qxe4 {[%mdl 64] Double Attack. Accuracy: White = 59%, Black = 28%.} 1-0

[Event "47th GER-ch Blitz 2020"]
[Site "Magdeburg"]
[Date "2020.08.15"]
[Round "10.13"]
[White "Langrock, Hannes"]
[Black "Barzen, Pascal"]
[Result "0-1"]
[WhiteElo "2346"]
[BlackElo "2321"]
[Annotator "TA"]
[PlyCount "68"]
[EventDate "2020.07.28"]
[EventType "tourn"]
[EventCountry "GER"]
[SourceTitle "playchess.com"]
[Source "ChessBase"]
[SourceQuality "1"]

{[%evp 15,68,0,3,0,12,-8,7,-8,0,-8,-6,-12,-17,-8,10,-37,-32,-41,-45,-31,-49,-53,-55,-64,-41,-55,-46,-37,0,0,0,0,0,-10,0,0,-9,-205,-205,-472,-472,-460,-430,-510,-493,-512,-507,-486,-500,-482,-477,-588,-563,-504,-490]} 1. d4 Nf6 2. c4 e6 3. g3 Bb4+ 4. Bd2 Be7 5. Bg2 d5 6. Nf3 O-O 7. O-O c6 8. Qc2 b6 9. Rd1 {E11: Bogo-Indian.} Bb7 10. b3 Nbd7 11. Bc3 {The position is equal.} Rc8 12. Nbd2 c5 13. Ne5 cxd4 14. Bxd4 Qc7 15. Nxd7 Nxd7 16. Rac1 {[#]} e5 $146 ({Predecessor:} 16... dxc4 17. Qxc4 Qd6 18. Qd3 Bxg2 19. Kxg2 e5 20. Be3 Qxd3 21. exd3 f5 22. f4 Bc5 {0-1 (55) Reolon,V (1672)-Ramos Correa,G (1932) Montevideo 2018}) 17. Bb2 d4 18. Bxb7 Qxb7 19. Qe4 Qxe4 20. Nxe4 f5 21. Nd2 Nc5 22. Nf3 Bf6 $1 23. e3 dxe3 {aiming for ...e4.} 24. fxe3 e4 $36 {[%mdl 2048] White is under pressure.} 25. Bxf6 Rxf6 26. Ne5 $2 {Loses the game.} (26. Ne1 $11) 26... Re6 $19 27. Rd5 $2 {[#]} (27. b4 {only move.}) 27... Rxe5 $1 {[%mdl 576] Remove Defender, Deflection. Black is clearly winning.} 28. Rxe5 Nd3 $1 {[%csl LRc1,LRe5][%mdl 64] Double Attack} 29. Rxf5 {And now Rcf1 would win.} Nxc1 {KRN-KR} 30. Re5 Nxa2 31. Rxe4 Nc1 32. b4 Nd3 33. b5 Rc7 34. Kf1 Nb2 {Accuracy: White = 65%, Black = 94%.} 0-1

[Event "47th GER-ch Blitz 2020"]
[Site "Magdeburg"]
[Date "2020.08.15"]
[Round "10.14"]
[White "Siebrecht, Sebastian"]
[Black "Baskin, Robert"]
[Result "1-0"]
[WhiteElo "2429"]
[BlackElo "2390"]
[Annotator "TA"]
[PlyCount "107"]
[EventDate "2020.07.28"]
[EventType "tourn"]
[EventCountry "GER"]
[SourceTitle "playchess.com"]
[Source "ChessBase"]
[SourceQuality "1"]

{[%evp 26,107,25,0,0,2,12,0,0,-17,0,16,264,25,245,0,3,0,0,0,0,-191,0,-118,-120,-129,-127,-110,-117,-145,-105,-122,-88,-115,203,206,218,218,218,218,218,217,204,204,205,200,158,101,296,9,375,19,42,27,40,9,16,17,21,8,77,77,118,118,442,116,275,275,5824,5089,29967,29968,29983,29981,29982,29983,29985,29986,29986,29987,29987,29988,29991,29988]} 1. d4 Nf6 2. c4 e6 3. Nf3 d5 4. Nc3 c5 5. cxd5 Nxd5 6. e4 Nxc3 7. bxc3 cxd4 8. cxd4 Bb4+ 9. Bd2 Bxd2+ 10. Qxd2 O-O 11. Bc4 Nd7 12. O-O b6 13. Rfe1 Bb7 14. Rad1 Rc8 {D41: Queen's Gambit Declined: Semi-Tarrasch with 5 cxd5.} 15. Bd3 h6 16. h4 Nf6 {The position is equal.} 17. Qf4 {[#]} Nh5 $146 ({Predecessor:} 17... Rc3 18. e5 Qc7 19. Rc1 Bxf3 20. gxf3 Nd5 21. Qe4 f5 22. exf6 Rxf6 23. Rxc3 Qxc3 {½-½ (64) Zidek,V (2185)-Freisler,P (2284) Ostrava 2016}) 18. Qe3 Qf6 $2 (18... Rc3 $11) 19. g3 $2 ({Only move:} 19. g4 $1 $18) 19... Rc3 $2 (19... Qe7 $11 {and Black has nothing to worry.}) 20. Ne5 $2 (20. g4 $1 $18) 20... Qe7 $11 21. g4 Nf6 $36 {[%mdl 2048] Black has the initiative.} 22. g5 hxg5 23. hxg5 $2 {[#]} (23. Qxg5 $11 Qb4 24. h5) 23... Nd7 $2 (23... Nxe4 $1 $19 {[%mdl 512]} 24. f4 (24. Bxe4 Rxe3) 24... Qb4) 24. Ng4 {[#]} (24. Qf4 $11) 24... Ba6 $1 $17 {[%mdl 512]} 25. f4 (25. Bxa6 Rxe3) 25... Qa3 {[%cal Ra6d3]} 26. Nf2 Rd8 27. Kg2 Bxd3 ({But not} 27... Qxa2 $2 28. Ra1 $18) 28. Rxd3 Rxd3 29. Nxd3 Nc5 $2 {[%mdl 8192]} (29... Qxa2+ $17 30. Re2 Qb3) 30. Nxc5 $18 {[%mdl 64] Discovered Attack} Qxe3 31. Rxe3 bxc5 32. dxc5 {[%mdl 4096] Endgame KR-KR} Rd2+ 33. Kf3 Rc2 34. Ra3 Rxc5 35. Rxa7 Rc3+ 36. Ke2 (36. Kf2 $142) 36... g6 $2 (36... e5 $16) 37. Kd2 $2 (37. e5 $18) 37... Rh3 $2 {[%mdl 8192]} (37... Rf3 $11 {and Black is okay.}) 38. Kc2 $2 (38. a4 $18) 38... Rf3 39. a4 {Hoping for a5.} Rxf4 40. Kd3 Rg4 41. Ra5 Kg7 42. Kd4 {Black must now prevent Rb5.} Rg3 (42... f5 $1 $11) 43. Rb5 $16 Ra3 44. a5 {Strongly threatening e5.} Kf8 $2 {[%mdl 8192]} (44... f6 $16) 45. Ke5 $2 (45. Kc5 $18 {and White stays clearly on top.}) 45... Kg7 $2 (45... Ke7 $16 {was called for.} 46. Rb7+ Kf8) 46. Kd6 $18 {aiming for e5.} Rd3+ $2 (46... f5 47. Ke5 (47. Kxe6 fxe4 48. Rb7+ Kg8 $11) 47... Ra4) 47. Kc6 Re3 48. a6 {White mates.} Rxe4 49. a7 Ra4 50. Kb6 Rxa7 51. Kxa7 f6 52. Rb7+ Kf8 53. gxf6 g5 54. Rg7 {Accuracy: White = 53%, Black = 39%.} 1-0

[Event "47th GER-ch Blitz 2020"]
[Site "Magdeburg"]
[Date "2020.08.15"]
[Round "10.15"]
[White "Braun, Georg"]
[Black "Ehmann, Thilo"]
[Result "0-1"]
[WhiteElo "2360"]
[BlackElo "2329"]
[Annotator "TA"]
[PlyCount "156"]
[EventDate "2020.07.28"]
[EventType "tourn"]
[EventCountry "GER"]
[SourceTitle "playchess.com"]
[Source "ChessBase"]
[SourceQuality "1"]

{[%evp 13,156,18,25,12,19,6,12,9,10,18,17,-41,0,0,0,-12,-14,-68,-60,-55,-62,-48,-9,-113,-68,-137,-151,-146,-137,-207,-178,-174,-134,-168,-164,-265,0,-223,-26,-148,-146,-203,-208,-235,-235,-243,-220,-237,-243,-219,-213,-346,-265,-379,-213,-303,-222,-286,-174,-333,-296,-268,-158,-343,-213,-551,-520,-765,-581,-703,-674,-1337,-1172,-1337,-881,-646,-166,-529,-386,-336,-225,-217,-210,-210,-210,-210,-193,-199,-131,-135,-120,-132,-47,-48,0,0,0,0,0,0,0,0,0,0,0,0,0,-142,0,0,0,0,0,-110,-111,-111,-118,-1123,-1070,-793,-670,-905,-1232,-1881,-1749,-2370,-1354,-12834,-12833,-12835,-12835,-12836,-12836,-12839,-12839,-12843,-12843,-12843,-12844,-12845,-12846,-12846,-12847,-12848,-12846]} 1. e4 c5 2. Nf3 d6 3. d4 cxd4 4. Nxd4 Nf6 5. f3 e5 6. Nb3 Be7 7. c4 O-O 8. Nc3 {[#] B55: Sicilian: 2...d6 3 d4 cxd4 4 Nxd4 Nf6 5 f3.} Nh5 $146 ({Predecessor:} 8... a5 9. Be3 a4 10. Nc1 Qa5 11. Qd2 Be6 12. b4 axb3 13. Nxb3 Qd8 14. Be2 Na6 15. O-O Nd7 {1-0 (59) Andreikin,D (2727)-Tazbir,M (2561) Kazan 2013}) 9. Nd5 Nc6 10. Be3 {The position is equal.} Bg5 11. Bf2 Nf4 12. Nxf4 (12. h4 $11 Bh6 13. g4) 12... exf4 13. Be2 Bh4 14. g3 Bg5 15. Qc2 ({White should play} 15. h4 $11 Bf6 16. Qd2) 15... Qf6 16. g4 Bh4 $1 17. O-O h5 18. h3 (18. Bxh4 $11 {remains equal.} Qxh4 19. Qd2) 18... Ne5 19. Bd4 (19. Nd4 $15) 19... Bg3 $17 20. Kg2 Be6 21. c5 (21. Bxe5 $17 dxe5 22. Nc5) 21... Rac8 22. Qc3 b6 ({Not} 22... hxg4 23. hxg4 b6 24. Rac1 $11) 23. Bxe5 dxe5 24. c6 (24. Bc4 $142) 24... Qh6 $2 (24... Bxb3 $19 25. Qxb3 Rxc6) 25. Rh1 $2 (25. c7 $11 {and White has nothing to worry.}) 25... Qg5 $2 (25... Bxb3 $1 $19 26. axb3 Rxc6) 26. Ba6 (26. c7 $11) 26... Rc7 27. Bb7 (27. Rad1 $17 {keeps fighting.}) 27... Bc8 28. Bxc8 Rfxc8 29. Rac1 Qf6 30. Qd3 Rxc6 31. Rxc6 Rxc6 ({Much less strong is} 31... Qxc6 32. Rc1 $17) 32. gxh5 (32. Rd1 $142) 32... Qg5 {Threatens to win with ...Bh2+!} 33. Kf1 (33. Rc1 {is a better defense.} Bh4+ 34. Kh1 Rxc1+ 35. Nxc1) 33... Rh6 (33... Bh4 $142 {And now ...Qg3! would win.} 34. Rg1 Qxh5) 34. Nc1 (34. Qd7 $142) 34... Rxh5 ({Don't take} 34... Qxh5 35. Qe2 $19) 35. Ne2 Qh6 36. Kg2 $2 (36. Qd7) 36... Rg5 37. Kf1 Qf6 (37... Bh4 $19 38. Rg1 Rxg1+ 39. Nxg1 Qg6) 38. Qd5 $2 (38. Rg1 $17) 38... Kh7 39. b3 $2 (39. h4 {is a better chance.} Rh5 40. Qd7) 39... Rg6 $19 40. Qd3 Qg5 41. Rg1 Qh4 42. Rh1 Rc6 43. Qd5 Rc5 44. Qd3 Qe7 $2 (44... Be1 {[%csl Ge1][%cal Rh4f2]} 45. Rh2 Bb4) 45. Kg2 $2 (45. Nxg3 {was the crucial defense.} fxg3 46. Kg2) 45... Bh4 46. Rc1 Rxc1 47. Nxc1 Qg5+ 48. Kh1 Qg3 49. Qf1 g6 50. Nd3 Bf6 (50... Qg5 $1 $19 51. Qc1 Qe7) 51. Qg2 $17 {intending Qxg3.} Qxg2+ 52. Kxg2 {[%mdl 4096] Endgame KB-KN} Bg7 ({Better is} 52... a5 $17 53. a4 Kh6) 53. Nb4 $1 $15 Kg8 54. Nc6 $1 a5 55. Nb8 f5 56. Nd7 fxe4 57. fxe4 b5 58. Nb8 a4 59. bxa4 bxa4 60. Na6 (60. Nd7 $1 $11 {was the only way to keep the balance.}) 60... Kf7 (60... Bf8 $1 $17 {[%cal Rf8d6] ...Bd6 is the strong threat.} 61. Nc7 Bc5) 61. Nc5 $11 a3 62. Kf3 Bf8 63. Nd3 (63. Nd7 $1 $11) 63... Ke6 {Black converts the advantage convincingly.} 64. Kg4 Be7 65. Nc1 $2 {[%mdl 8192]} (65. h4 $17) 65... Kd6 $1 $19 {[%cal Rd6c5] Black is clearly winning.} 66. Nd3 {[#]} Bf6 $1 67. Nb4 {[#]} Kc5 $1 {[%cal Rc5b4]} 68. Nd5 Bd8 69. Nc3 Kc4 70. Ne2 {[#]} Kd3 $1 71. Ng1 Kxe4 72. Nf3 Bf6 73. Nd2+ Kd3 74. Nb1 g5 75. Nxa3 e4 76. Nb5 e3 77. Nd6 e2 78. Ne8 Be7 {Accuracy: White = 42%, Black = 55%.} 0-1

[Event "47th GER-ch Blitz 2020"]
[Site "Magdeburg"]
[Date "2020.08.15"]
[Round "11.1"]
[White "Ehmann, Thilo"]
[Black "Donchenko, Alexander"]
[Result "0-1"]
[WhiteElo "2329"]
[BlackElo "2646"]
[Annotator "TA"]
[PlyCount "66"]
[EventDate "2020.07.28"]
[EventType "tourn"]
[EventCountry "GER"]
[SourceTitle "playchess.com"]
[Source "ChessBase"]
[SourceQuality "1"]

{[%evp 15,65,12,29,11,47,20,26,39,34,-23,5,-36,-17,-17,-10,-28,-21,-16,-19,0,0,-27,-7,-10,0,-52,-55,-118,-62,-150,-150,-174,-185,-177,-175,-170,-140,-160,-191,-256,-214,-258,-257,-258,-258,-587,-547,-518,-364,-29993,-29993,-29999]} 1. e4 c6 2. d4 d5 3. Nc3 dxe4 4. Nxe4 Nf6 5. Nxf6+ exf6 6. c3 Bd6 7. Bd3 O-O 8. Ne2 Re8 9. Qc2 {B15: Caro-Kann: 3 Nc3: 3...g6 and 3...dxe4 4 Nxe4 Nf6 5 Nxf6+ exf6.} h5 10. Be3 Nd7 11. O-O-O {White has an edge.} Nf8 12. Qd2 {[#]} (12. Kb1 $14) 12... Be6 $146 ({Predecessor:} 12... b5 13. Ng3 g6 14. Bf4 f5 15. Bxd6 Qxd6 16. Qh6 Qd5 17. Rhe1 Bd7 18. Kb1 Rxe1 19. Rxe1 Qxg2 {½-½ (64) Murray,D (2126)-Delaney,K (2247) Dublin 2019}) 13. Kb1 Qa5 14. b3 Bf5 15. Ng3 Bxd3+ 16. Qxd3 g6 17. Ne4 Be7 18. h3 f5 $36 {[%mdl 2048] Black has the initiative.} 19. Nd2 Ne6 20. f3 ({White should try} 20. Nc4 $11 Qd5 21. g4) 20... h4 $15 21. f4 (21. Nc4 $15 Qc7 22. Nb2) 21... Qd5 (21... Qc7 $17 22. Rhe1 Nxf4 23. Bxf4 Qxf4) 22. c4 (22. Nf3 $15) 22... Qd6 $17 23. Rhf1 Bf6 24. Nf3 Nxf4 25. Qd2 Ne6 26. d5 cxd5 27. cxd5 (27. Qxd5 $142 Qg3 28. Qd2) 27... Nc5 {[#] Hoping for ...Ne4.} 28. Bxc5 Qxc5 29. d6 Rad8 30. Qd3 $2 (30. Qc1 {is tougher.} Qxc1+ 31. Kxc1) 30... Re3 $19 31. Qd2 f4 {And now ...Rxd6! would win.} 32. Nh2 $2 {[#]} (32. Qc2 $19 Rc3 33. Qe4 Rxd6 34. Rxd6 Qxd6 35. Rc1) 32... Qe5 33. Qd5 Qb2# {Accuracy: White = 38%, Black = 81%.} 0-1